000 01250nam a2200337 a 4500
001 000114975
003 CHAP
005 20220329144506.0
008 180821s2018 mx |sm |||||||spa d
010 _a111436
011 _a112408
040 _cCHAP
090 _aTesis
100 1 _aCampos Ojeda, Julio César.
_9130443
245 1 0 _aComportamiento del sistema guaje-zacate mombasa y agostadero local pastoreado por ovejas pelibuey en desarrollo
_h[En línea]
_cpor Julio César Campos Ojeda.
260 _aChapingo, Méx. :
_bEl autor,
_c2018.
500 _aPara ver el contenido del material haga clic en la liga
502 _aTesis (M.C. en innovación Ganadera) -- UACH. Departamento de Zootecnia
590 _aBATCH
_b00
_c20181121
_lUCH01
_h0759
590 _aE11695DGD
_b10
_c20190528
_lUCH01
_h1524
590 _aE5765TAJ
_b05
_c20180821
_lUCH01
_h1121
650 1 4 _aForrajes
_xValor nutritivo.
_942601
650 1 4 _aGanado lanar
_xAlimentación.
_945153
650 1 4 _aGanado lanar
_xPastoreo.
_945209
650 1 4 _aGanado lanar
_xPeso.
_945211
650 1 4 _aLeucaena leucocephala como forraje.
_9132650
856 _aFinding aid
_uhttp://10.13.5.2/tesis/sist114975.pdf
_zTeclea aquí
901 _aBK
942 _cTESIS
942 _n0
999 _c111436
_d111436